|
|
|
|
| LEADER |
00734cam a2200253ua 4500 |
| 008 |
060815t1994||||||||||| 001 ||eng c |
| 020 |
|
|
|a 81-7629-261-3
|
| 041 |
0 |
|
|a eng
|
| 082 |
|
|
|a 379
|b SLG/E
|
| 100 |
|
|
|a S.L.Goel,
|
| 245 |
0 |
0 |
|a Education policy and administration /
|
| 250 |
|
|
|a 1
|
| 260 |
|
|
|a New Delhi:
|b Deep & Deep,
|c 1994.
|
| 300 |
|
|
|a xxiii, 350p..
|
| 362 |
1 |
|
|a 1994.
|
| 365 |
|
|
|a Rs.375/-
|e hb
|
| 500 |
|
|
|a Includes bibliographies and index.
|
| 504 |
|
|
|a .
|
| 650 |
|
|
|a Public policy issues in education
|
| 650 |
0 |
|
|a Education
|
| 700 |
0 |
2 |
|a Aruna Goel
|
| 942 |
|
|
|c BK
|
| 999 |
|
|
|c 6510
|d 6510
|
| 952 |
|
|
|0 0
|1 0
|4 0
|6 379_000000000000000_SLG
|7 0
|9 6842
|a KUCL
|b KUCL
|d 2014-05-23
|l 0
|o 379 SLG/
|p 11697
|r 2014-05-23
|w 2014-05-23
|y BK
|